000
00278nam a2200109Ia 4500
008
190912s9999||||xx |||||||||||||| ||und||
100
_a
Sharif Al Mujahid
245
0
_a
Quaid-i-Azam And his Times A Compendium
260
_a
karachi
_b
McGraw-Hill
_c
1990
300
_a
572
942
_c
BK
999
_c
7343
_d
7343